| 000 | 00529nam a22001937a 4500 | ||
|---|---|---|---|
| 003 | MPLRDC | ||
| 005 | 20220104190718.0 | ||
| 008 | 210129b ||||| |||| 00| 0 eng d | ||
| 020 | _a978-986-241-257-2 | ||
| 082 | _a496 KOT | ||
| 100 | _aPHILIP KOTLER, HERMAWAN KARTAJAYA, IWAN SETIAWAN | ||
| 245 |
_a行销3.0 _c颜和正 译 |
||
| 250 | _a一版二刷 | ||
| 260 |
_a台湾 _b天下杂志股份有限公司 _c2011 |
||
| 300 | _b平 | ||
| 490 | _a天下财经系列: 189 | ||
| 650 | _a行销管理 | ||
| 942 |
_cBK _o496 KOT |
||
| 999 |
_c63919 _d63909 |
||